000 00342nam a2200133Ia 4500
008 240624s9999 xx 000 0 und d
041 _aeng
082 _a332.84 CRA
100 _aCRAWFORD GEORGE
245 _aDERIVATIVES FOR DECISION MAKERS STRATEGI
260 _c1996
_aNew York
_bJohn Wiley and Sons
300 _a240 : p.
365 _c
_b27
999 _c15549
_d15549